| 000 | 00803nam a2200229 a 4500 | ||
|---|---|---|---|
| 001 | 48250 | ||
| 003 | BD-RjUL | ||
| 005 | 20211209054503.0 | ||
| 008 | 160813s1987 bg ||||| |||| 00| 0 ben d | ||
| 020 | _c: Tk. 75.00 | ||
| 035 | _a(BD-RjUL)48369 | ||
| 040 |
_aBD-RjUL _bben _cBD-RjUL |
||
| 041 | _aben | ||
| 082 |
_223 _a537.622 _bRAA 1987 |
||
| 100 | 1 |
_aরহমান, জালালুর _9145503 |
|
| 245 | 1 | 0 | _aঅর্ধপরিবাহী কৌশলাদি |
| 260 |
_aঢাকা : _bঢাকা বিশ্ববিদ্যালয়, _c১৯৮৭ |
||
| 300 |
_a২২৭ পৃ. : _bচিত্র ; _c২২ সেমি. |
||
| 650 |
_aঅর্ধপরিবাহী _vপদার্থ _9146124 |
||
| 650 |
_aSemiconductivity _vPhysics _9146125 |
||
| 942 |
_2ddc _cBK |
||
| 999 |
_c48250 _d48250 |
||